000 00350nam a2200157Ia 4500
008 210210b xxu||||| |||| 00| 0 eng d
041 _aeng
082 _a823/364
100 _aSHAKESPEARE (William)
245 _aRichard II
260 _aLondon
_bEdward Arnold
_c
650 _aRichard
650 _aII
690 _aEnglish Drama
906 _a013908
999 _c132977
_d132977